|
|
|
|
| LEADER |
00000naa0a2200000 4500 |
| 001 |
651080 |
| 005 |
20251201125025.0 |
| 035 |
|
|
|a (RuTPU)RU\TPU\network\16329
|
| 035 |
|
|
|a RU\TPU\network\1876
|
| 090 |
|
|
|a 651080
|
| 100 |
|
|
|a 20161101d2015 k y0rusy50 ca
|
| 101 |
0 |
|
|a rus
|
| 102 |
|
|
|a RU
|
| 135 |
|
|
|a drcn ---uucaa
|
| 181 |
|
0 |
|a i
|
| 182 |
|
0 |
|a b
|
| 200 |
1 |
|
|a 4-Иодилбензолсульфонат калия - удобный водорастворимый реагент на основе поливалентного иода
|f И. А. Миронова, Р. Я. Юсубова
|
| 203 |
|
|
|a Текст
|c электронный
|
| 300 |
|
|
|a Заглавие с экрана
|
| 320 |
|
|
|a [Библиогр.: с. 196 (3 назв.)]
|
| 463 |
|
1 |
|t IV Всероссийская конференция по органической химии. XVII Молодежная школа-конференция по органической химии
|o 22–27 ноября 2015 г., Москва : сборник тезисов
|v [С. 196]
|d 2015
|
| 610 |
1 |
|
|a электронный ресурс
|
| 610 |
1 |
|
|a труды учёных ТПУ
|
| 700 |
|
1 |
|a Миронова
|b И. А.
|c химик
|c инженер Томского политехнического университета
|f 1993-
|g Ирина Андреевна
|3 (RuTPU)RU\TPU\pers\37473
|9 20360
|
| 701 |
|
1 |
|a Юсубова
|b Р. Я.
|c химик
|c доцент Томского политехнического университета, кандидат химических наук
|f 1964-
|g Роза Явидовна
|3 (RuTPU)RU\TPU\pers\28057
|9 13019
|
| 712 |
0 |
2 |
|a Национальный исследовательский Томский политехнический университет (ТПУ)
|b Институт физики высоких технологий (ИФВТ)
|b Кафедра биотехнологии и органической химии (БИОХ)
|3 (RuTPU)RU\TPU\col\18693
|
| 712 |
0 |
2 |
|a Национальный исследовательский Томский политехнический университет (ТПУ)
|b Институт природных ресурсов (ИПР)
|b Кафедра технологии органических веществ и полимерных материалов (ТОВПМ)
|3 (RuTPU)RU\TPU\col\18659
|
| 801 |
|
1 |
|a RU
|b 63413507
|c 20141010
|
| 801 |
|
2 |
|a RU
|b 63413507
|c 20161101
|g RCR
|
| 850 |
|
|
|a 63413507
|
| 856 |
4 |
|
|u http://istina.msu.ru/media/publications/article/faf/df4/12244809/IOH_2015.pdf#page=198
|
| 942 |
|
|
|c CF
|